Entre la identidad y el progreso: doscientos años de pensamiento político en nuestra América /
Salvato in:
| Autore principale: | |
|---|---|
| Natura: | testo |
| Tags: |
Aggiungi Tag
Nessun Tag, puoi essere il primo ad aggiungerne!!
|
MARC
| LEADER | 00000 a a2200000 04500 | ||
|---|---|---|---|
| 001 | 17224 | ||
| 003 | |||
| 040 | |||
| 100 | |a Pérez Hermida, Samuel José | ||
| 245 | |a Entre la identidad y el progreso: |b doscientos años de pensamiento político en nuestra América / |c Samuel José Pérez Hermida | ||
| 773 | |g volumen 5, número 2 -3; páginas 217-241 | ||
| 999 | |c 38624 |d 38624 | ||
